00182nam a22000857a 4500003000400000100001800004245003600022260003000058300000800088SGT aSHARMA, Y. R. aElementary Organic Spectroscopy aNEW DELHI bS.CHANDc2016 a369